[Event "VII TCh-RUS w"]
[Site "Sochi RUS"]
[Date "2006.04.22"]
[Round "3"]
[White "Fenina,T"]
[Black "Kovanova,B"]
[Result "0-1"]
[WhiteElo "2078"]
[BlackElo "2307"]
[EventDate "2006.04.20"]

1. e4 e5 2. Nf3 Nc6 3. Bb5 a6 4. Ba4 Nf6 5. Qe2 b5 6. Bb3 Bc5 7. c3 O-O 8.
d3 d5 9. Bg5 dxe4 10. dxe4 Re8 11. O-O Be6 12. Nbd2 h6 13. Bh4 Bxb3 14.
Nxb3 Bb6 15. Rad1 Qe7 16. Bxf6 Qxf6 17. Rd7 Qe6 18. Rfd1 Nd4 19. cxd4 Qxd7
20. dxe5 Qe6 21. Rd5 Rad8 22. Nbd4 Bxd4 23. Nxd4 Qg6 24. Rxd8 Rxd8 25. Nf5
Qg5 26. g3 Qd2 27. Kf1 Qd1+ 28. Qxd1 Rxd1+ 0-1

[Event "VII TCh-RUS w"]
[Site "Sochi RUS"]
[Date "2006.04.22"]
[Round "3"]
[White "Komiagina,M"]
[Black "Shevchenko,O"]
[Result "1-0"]
[WhiteElo "2341"]
[BlackElo "2016"]
[EventDate "2006.04.20"]

1. e4 c6 2. d4 d5 3. e5 Bf5 4. Be3 Qb6 5. Qc1 Na6 6. a4 Nb4 7. Na3 a5 8.
Qd2 e6 9. c3 Na6 10. Be2 Ne7 11. f4 Be4 12. Nf3 Nf5 13. Bf2 Be7 14. O-O O-O
15. g4 Bxf3 16. Bxf3 Nh4 17. Bd1 c5 18. Nb5 cxd4 19. cxd4 Nb4 20. Ra3 Ng6
21. f5 exf5 22. gxf5 Nh8 23. Rh3 Rfc8 24. Qf4 Rc6 25. Be3 Rd8 26. Qg4 h6
27. f6 Bxf6 28. exf6 Rxf6 29. Rxf6 Qxf6 30. Rxh6 Ng6 31. Rh3 Re8 32. Rf3
Qe6 33. Qxe6 Rxe6 34. Bd2 Nc6 35. Re3 Rf6 36. Re8+ Kh7 37. Bc2 Re6 38. Rxe6
fxe6 39. h4 Nb4 40. Bxb4 axb4 41. h5 Kh6 42. hxg6 Kg5 43. Nc7 1-0

[Event "VII TCh-RUS w"]
[Site "Sochi RUS"]
[Date "2006.04.22"]
[Round "3"]
[White "Solovjova,V"]
[Black "Ovod,E"]
[Result "0-1"]
[WhiteElo "2265"]
[BlackElo "2395"]
[EventDate "2006.04.20"]

1. e4 c5 2. Nf3 e6 3. c4 Nc6 4. Nc3 Nf6 5. Be2 b6 6. O-O Bb7 7. d4 cxd4 8.
Nxd4 Qb8 9. Be3 Bd6 10. h3 O-O 11. Re1 Bb4 12. Bf3 Bxc3 13. bxc3 Ne5 14.
Bf4 d6 15. Nb5 Nxf3+ 16. gxf3 e5 17. Bg5 a6 18. Bxf6 axb5 19. Be7 Re8 20.
Qxd6 Qc8 21. Kh2 Qxc4 22. Qf6 Rxa2 23. Rxa2 Qxa2 24. Qxb6 Qd2 25. Ra1 Bc8
26. Bh4 Qd7 27. Bg3 Qxh3+ 28. Kg1 Bd7 29. Ra7 h5 30. Qc7 Be6 31. Bxe5 Qxf3
32. Bd4 Qxe4 33. Qg3 Bg4 34. Kh2 b4 35. Ra5 b3 36. Rb5 Qe6 37. Qf4 f6 38.
Rb6 Qd5 39. Rd6 Qe4 40. Qxe4 Rxe4 41. Rb6 Bd1 42. Rb7 Kf8 43. Kg3 Rg4+ 44.
Kh3 Ke8 45. Rb5 Kd7 46. Rxh5 Rxd4 0-1

[Event "VII TCh-RUS w"]
[Site "Sochi RUS"]
[Date "2006.04.22"]
[Round "3"]
[White "Molchanova,T"]
[Black "Bystryakova,E"]
[Result "1-0"]
[WhiteElo "2312"]
[BlackElo "2191"]
[EventDate "2006.04.20"]

1. e4 c6 2. d4 d5 3. e5 c5 4. dxc5 e6 5. a3 Bxc5 6. Qg4 Ne7 7. b4 Bb6 8.
Bd3 Nbc6 9. Nf3 Ng6 10. Bb2 O-O 11. O-O Bd7 12. Re1 Qe8 13. Qh5 Nce7 14.
Nc3 f6 15. Ne2 fxe5 16. Bxe5 Bb5 17. Bxb5 Qxb5 18. Ned4 Bxd4 19. Bxd4 Rf5
20. Qg4 Raf8 21. c3 Nc6 22. Rxe6 Nxd4 23. Nxd4 Qc4 24. Rf1 R5f7 25. Re3 Qa2
26. Nf3 Qxa3 27. g3 Kh8 28. h4 Qa2 29. Qh5 Rf6 30. Rd1 Rf5 31. Qg4 Qc4 32.
Rd4 Qc7 33. Rd2 Ne5 34. Nxe5 Rxe5 35. Rde2 Rxe3 36. Rxe3 Qf7 37. Qe2 h6 38.
Re7 Qf6 39. Qe3 Rc8 40. Rxb7 Qxc3 41. Qxc3 Rxc3 42. Rxa7 Rb3 43. Rb7 d4 44.
Kg2 Rb2 45. h5 d3 46. Kf3 d2 47. Ke2 d1=Q+ 48. Kxd1 Rxf2 49. b5 Rf5 50. g4
Rg5 51. b6 Rxg4 52. Rc7 Rb4 53. b7 Kh7 54. Kc2 Rb6 55. Kc3 Rb1 56. Kd4 Rb2
57. Kd5 Rb1 58. Kc6 Rb2 59. Kd7 1-0

[Event "VII TCh-RUS w"]
[Site "Sochi RUS"]
[Date "2006.04.22"]
[Round "3"]
[White "Kirillova,V"]
[Black "Sirotkina,N"]
[Result "1/2-1/2"]
[WhiteElo "2225"]
[BlackElo "2277"]
[EventDate "2006.04.20"]

1. e4 c5 2. Nf3 e6 3. d3 Nc6 4. g3 g6 5. Bg2 Bg7 6. O-O Nge7 7. c3 e5 8. a3
d5 9. b4 cxb4 10. cxb4 dxe4 11. dxe4 Bg4 12. h3 Qxd1 13. Rxd1 Bxf3 14. Bxf3
Nd4 15. Kg2 Rc8 16. Bb2 O-O 17. Nc3 Rfd8 18. Nd5 Nxd5 19. Bxd4 exd4 20.
exd5 Rc3 21. Rdc1 Kf8 22. Rxc3 dxc3 23. Rc1 Ke7 24. Kf1 Kd6 25. Ke2 Re8+
26. Kd3 Bf6 27. Be4 Bg7 28. g4 h6 29. f4 Bf6 30. Rc2 Bg7 31. Rg2 Rc8 32.
Rc2 Re8 33. Rg2 Rc8 34. Rc2 Re8 35. Rg2 Rc8 36. Rc2 1/2-1/2

[Event "VII TCh-RUS w"]
[Site "Sochi RUS"]
[Date "2006.04.22"]
[Round "3"]
[White "Lupik,M"]
[Black "Mokhova,K"]
[Result "1-0"]
[WhiteElo "2204"]
[BlackElo "2156"]
[EventDate "2006.04.20"]

1. c4 e5 2. Nc3 d6 3. d4 exd4 4. Qxd4 Nc6 5. Qd2 Nf6 6. g3 g6 7. Bg2 Bg7 8.
Nh3 Bxh3 9. Bxh3 O-O 10. O-O Re8 11. Bg2 Qd7 12. b3 Rad8 13. Bb2 Qc8 14.
Rad1 Ne7 15. e4 Nc6 16. Rfe1 Re7 17. Nd5 Nxd5 18. Bxg7 Kxg7 19. cxd5 Ne5
20. Qd4 Kg8 21. Qxa7 Rde8 22. f4 Nd7 23. Qd4 Qa8 24. Re2 Qa3 25. Rc2 b6 26.
b4 Nb8 27. b5 Nd7 28. Rxc7 Qxa2 29. Qc3 Qe2 30. Ra1 Qg4 31. h3 Qh5 32. Raa7
Qd1+ 33. Kh2 Rxe4 34. Bxe4 Rxe4 35. Rc8+ Nf8 36. Rxf8+ 1-0

[Event "VII TCh-RUS w"]
[Site "Sochi RUS"]
[Date "2006.04.22"]
[Round "3"]
[White "Cmilyte,V"]
[Black "Skripchenko,A"]
[Result "1-0"]
[WhiteElo "2470"]
[BlackElo "2423"]
[EventDate "2006.04.20"]

1. d4 Nf6 2. c4 e6 3. Nc3 Bb4 4. Qc2 O-O 5. a3 Bxc3+ 6. Qxc3 Ne4 7. Qc2 f5
8. Nf3 b6 9. e3 Bb7 10. Be2 d6 11. b4 Nd7 12. Bb2 Qe7 13. O-O Rf6 14. d5
Rg6 15. Rad1 c5 16. Ne1 Qh4 17. f3 Rh6 18. fxe4 Qxh2+ 19. Kf2 Qh4+ 20. g3
Qh2+ 21. Ng2 Rg6 22. Bf3 Qxg3+ 23. Ke2 fxe4 24. Qxe4 Rf8 25. Qh4 e5 26.
Qxg3 Rxg3 27. Ne1 Nf6 28. e4 Rh3 29. Nd3 Bc8 30. Rh1 Rxh1 31. Rxh1 g5 32.
Ke3 g4 33. Bg2 Re8 34. Bc3 h5 35. Be1 Kg7 36. Bh4 Nh7 37. Rb1 Kg6 38. bxc5
bxc5 39. Rb8 Ng5 40. Ra8 a6 41. Rb8 Nf7 42. Rb6 Kh7 43. Nc1 Rg8 44. Ne2 Nh8
45. Kf2 Rf8+ 46. Kg3 Ng6 47. Bg5 h4+ 48. Bxh4 Nxh4 49. Kxh4 Rf2 50. Ng3 1-0

[Event "VII TCh-RUS w"]
[Site "Sochi RUS"]
[Date "2006.04.22"]
[Round "3"]
[White "Zaiatz,E"]
[Black "Turova,I"]
[Result "1/2-1/2"]
[WhiteElo "2417"]
[BlackElo "2362"]
[EventDate "2006.04.20"]

1. d4 Nf6 2. c4 e6 3. Nc3 Bb4 4. e3 c5 5. Bd3 O-O 6. Nf3 d5 7. O-O Nc6 8.
a3 Bxc3 9. bxc3 dxc4 10. Bxc4 Qc7 11. Bb2 e5 12. h3 b6 13. Bb5 e4 14. Nd2
a6 15. Bxc6 Qxc6 16. c4 cxd4 17. exd4 Bf5 18. Re1 Rfe8 19. Rc1 Rac8 20. Nf1
Bg6 21. d5 Qd6 22. Qd4 b5 23. Ne3 bxc4 24. Rxc4 Rxc4 25. Qxc4 Rd8 26. Rc1
Ne8 27. Qd4 f6 28. Qa7 Rd7 29. Qa8 Rd8 30. Rc8 Rxc8 31. Qxc8 Kf7 32. Qb7+
Kg8 33. Nc4 Qc5 34. Ne3 Qb5 35. Qxb5 axb5 36. Bd4 Nd6 37. Bc5 Nb7 38. Bb4
Kf7 39. g4 Kg8 40. Kf1 Be8 41. Ke2 g6 42. Kd2 Kf7 43. Nf1 f5 44. gxf5 Kf6
45. fxg6 Bxg6 46. Ke3 Ke5 47. d6 Be8 48. Ng3 Bc6 49. Bc3+ Kxd6 50. Kd4 Ke6
51. Bb4 Kf6 52. h4 Ke6 53. Ke3 Ke5 54. Bc3+ Ke6 55. Nxe4 Nd6 56. Ng5+ Kf5
57. Bb4 h6 58. Nf3 Nc4+ 59. Ke2 Bd7 60. Nh2 h5 61. f3 Bc6 62. Kf2 Kf4 63.
Bf8 Kf5 64. Nf1 Ne5 65. Ng3+ Kg6 66. f4 Nd3+ 67. Ke3 Ne1 68. f5+ Kf7 69.
Bb4 Ng2+ 1/2-1/2

[Event "VII TCh-RUS w"]
[Site "Sochi RUS"]
[Date "2006.04.22"]
[Round "3"]
[White "Korbut,E"]
[Black "Chistiakova,T"]
[Result "1-0"]
[WhiteElo "2442"]
[BlackElo "2351"]
[EventDate "2006.04.20"]

1. e4 c5 2. Nf3 d6 3. d4 Nf6 4. Nc3 cxd4 5. Nxd4 e6 6. Be3 Nc6 7. f4 e5 8.
Nf3 Ng4 9. Qd2 Nxe3 10. Qxe3 exf4 11. Qxf4 Be7 12. O-O-O O-O 13. Kb1 Be6
14. Nd5 Rc8 15. a3 Bxd5 16. exd5 Ne5 17. Nxe5 dxe5 18. Qxe5 Bf6 19. Qf4 Rc5
20. Bd3 Qb6 21. Qb4 Qd6 22. Rhf1 Rfc8 23. Rf3 Kf8 24. Be4 a5 25. Qb3 h6 26.
h3 Rc4 27. Bf5 a4 28. Qb5 R8c7 29. Re1 Be5 30. Qa5 g6 31. Bd3 R4c5 32. Qxa4
Rxd5 33. Re4 Kg7 34. Rb4 Re7 35. Qb3 Qd7 36. Ka2 Rc5 37. Be4 Rc7 38. Rd3
Qe6 39. Qxe6 Rxe6 40. Rxb7 Rxc2 41. Rxf7+ Kxf7 42. Rf3+ Bf6 43. Bxc2 Re2
44. Kb3 Rxg2 45. a4 Rg1 46. a5 Rg5 47. Ka4 Rg2 48. Kb3 Rg5 49. a6 Ra5 50.
Bd3 Ke7 51. Kb4 Ra2 52. b3 Bd4 53. Kb5 g5 54. Kc6 h5 55. Bc4 Ra3 56. Rf7+
Ke8 57. Rf5 g4 58. Rxh5 g3 59. Rg5 Bf2 60. Kd6 1-0

[Event "VII TCh-RUS w"]
[Site "Sochi RUS"]
[Date "2006.04.22"]
[Round "3"]
[White "Shaidullina,S"]
[Black "Sudakova,I"]
[Result "1-0"]
[WhiteElo "2293"]
[BlackElo "2391"]
[EventDate "2006.04.20"]

1. d4 d5 2. c4 e6 3. Nc3 c6 4. cxd5 exd5 5. Bf4 Nf6 6. Qc2 Bd6 7. Bg5 Na6
8. e3 Nc7 9. Bd3 Bg4 10. Nge2 Ne6 11. Bh4 Bh5 12. h3 Bg6 13. O-O O-O 14. f4
Bxd3 15. Qxd3 Re8 16. g4 Nf8 17. f5 Be7 18. Ng3 N6d7 19. Bxe7 Qxe7 20. Rae1
Nf6 21. Re2 h6 22. Rf4 N8h7 23. Kg2 Ng5 24. h4 Nge4 25. Kf3 Rad8 26. Kg2
Rd7 27. Kh3 Nxg3 28. Kxg3 Qd8 29. b4 Rde7 30. a3 Qd6 31. Kg2 a5 32. bxa5
Qxa3 33. Qd2 h5 34. gxh5 Nxh5 35. Rg4 Nf6 36. Rg3 Ne4 37. Nxe4 Rxe4 38. f6
g6 39. h5 Kh7 40. hxg6+ fxg6 41. Qe1 Rh4 42. Qb1 Rg8 43. Qxb7+ Kh6 44. f7
Rg7 45. Qxc6 Qa1 46. Qxg6+ Rxg6 47. f8=Q+ Kh7 48. Qe7+ 1-0

[Event "VII TCh-RUS w"]
[Site "Sochi RUS"]
[Date "2006.04.23"]
[Round "4"]
[White "Bannikova,A"]
[Black "Korbut,E"]
[Result "0-1"]
[WhiteElo "2157"]
[BlackElo "2442"]
[EventDate "2006.04.20"]

1. e4 c5 2. Nc3 g6 3. g3 Bg7 4. Bg2 Nc6 5. d3 d6 6. Be3 e5 7. Qd2 Be6 8.
Nd5 Bxd5 9. exd5 Nce7 10. Ne2 Nf5 11. c3 h5 12. h3 Nge7 13. a3 Qd7 14. b4
Rc8 15. Rb1 b6 16. Bg5 cxb4 17. axb4 f6 18. Be3 Nxe3 19. Qxe3 Bh6 20. Qf3
O-O 21. g4 h4 22. O-O Bg5 23. c4 b5 24. cxb5 Qxb5 25. d4 Rc2 26. Nc3 Qb6
27. Ne4 exd4 28. Qd3 Rc7 29. Nxg5 fxg5 30. Rbe1 Rf6 31. Re4 Qxb4 32. Rxd4
Qc3 33. Qe4 Kf8 34. Rd3 Qc4 35. Rd4 Qc3 36. Rd3 Qc2 37. Qd4 Ng8 38. Re1 Rf4
39. Rf3 Rxf3 40. Bxf3 Qc3 41. Qd1 Rf7 42. Re3 Qb2 43. Qa4 Nf6 44. Qa6 Qb6
45. Qc8+ Kg7 46. Kg2 Qd4 47. Qc6 Qf4 48. Qc3 Kh7 49. Qe1 Nd7 50. Bd1 Qd4
51. Bf3 Ne5 52. Be4 Rb7 53. Qa5 Nc4 54. Bxg6+ Kg7 55. Qa6 Nxe3+ 56. fxe3
Rb2+ 57. Kf3 Qxd5+ 0-1

[Event "VII TCh-RUS w"]
[Site "Sochi RUS"]
[Date "2006.04.23"]
[Round "4"]
[White "Sudakova,I"]
[Black "Deriabina,S"]
[Result "1/2-1/2"]
[WhiteElo "2391"]
[BlackElo "2101"]
[EventDate "2006.04.20"]

1. e4 e5 2. Nf3 Nc6 3. Bb5 a6 4. Ba4 Nf6 5. O-O Be7 6. Re1 b5 7. Bb3 O-O 8.
c3 d5 9. d4 dxe4 10. Nxe5 Bb7 11. Nd2 Bd6 12. Ng4 Nxg4 13. Qxg4 Kh8 14.
Qxe4 f5 15. Qd3 Na5 16. Bc2 Qh4 17. Nf1 Rf6 18. Re3 Rg6 19. d5 Qg4 20. Ng3
Rf8 21. h3 Qc4 22. Nxf5 Qxd5 23. Qxd5 Bxd5 24. g4 Rgf6 25. b3 Nc6 26. c4
bxc4 27. Bb2 R6f7 28. bxc4 Bxc4 29. h4 Nb4 30. Ba4 Nd5 31. Ree1 Nf4 32. Be8
Ne2+ 33. Rxe2 Bxe2 34. Bxf7 Rxf7 35. Re1 Bb5 36. h5 Kg8 37. h6 g6 38. Nxd6
cxd6 39. g5 Rc7 40. Bf6 Kf7 41. Kg2 Bc4 42. a3 Be6 43. Rb1 Bd5+ 44. Kf1 Bb7
45. Ke2 Ke6 46. Kd2 Rd7 47. Re1+ Kf7 48. Kc3 Rc7+ 49. Kb4 Rd7 50. Ka5 d5
51. Bd4 Re7 52. Rd1 Ke6 53. Kb6 Kf5 54. Bf6 Rd7 55. Rd4 Ke6 56. Rb4 Bc8 57.
Kc6 Rd6+ 58. Kc7 Bd7 59. Rb1 Rc6+ 60. Kb7 Kd6 61. Bg7 Bc8+ 62. Kb8 Bf5
1/2-1/2

[Event "VII TCh-RUS w"]
[Site "Sochi RUS"]
[Date "2006.04.23"]
[Round "4"]
[White "Stepovaia Dianchenko,T"]
[Black "Shadrina,T"]
[Result "1/2-1/2"]
[WhiteElo "2343"]
[BlackElo "2371"]
[EventDate "2006.04.20"]

1. e4 c5 2. Nf3 e6 3. d4 cxd4 4. Nxd4 Nf6 5. Nc3 d6 6. g3 Nc6 7. Bg2 Bd7 8.
O-O Nxd4 9. Qxd4 Bc6 10. a4 Be7 11. Rd1 a6 12. a5 Qc7 13. Bg5 Rd8 14. Qc4
O-O 15. Bxf6 Bxf6 16. Nd5 exd5 17. exd5 Rc8 18. dxc6 bxc6 19. Qxa6 Bxb2 20.
Rab1 Bc3 21. Rb7 Qxa5 22. Qxa5 Bxa5 23. Rxd6 Rfd8 24. Rxd8+ Bxd8 25. Bh3
Ra8 26. Bd7 c5 27. Bc6 Kf8 28. Bd5 Be7 29. Kg2 Rd8 30. c4 g6 31. g4 h6 32.
h4 Rd6 1/2-1/2

[Event "VII TCh-RUS w"]
[Site "Sochi RUS"]
[Date "2006.04.23"]
[Round "4"]
[White "Movsisian,N"]
[Black "Shevchenko,O"]
[Result "1/2-1/2"]
[WhiteElo "2291"]
[BlackElo "2016"]
[EventDate "2006.04.20"]

1. d4 Nf6 2. Nf3 e6 3. Bg5 c5 4. e3 Be7 5. Nbd2 b6 6. Bxf6 Bxf6 7. Ne4 O-O
8. c3 cxd4 9. Nxf6+ Qxf6 10. exd4 Bb7 11. Be2 d6 12. O-O Nd7 13. a4 a6 14.
Re1 Qd8 15. Bd3 Nf6 16. Bc2 h6 17. Qd3 Bxf3 18. Qxf3 d5 19. Qh3 b5 20. a5
Qb8 21. Qd3 Qc7 22. Qe2 Rfb8 23. Rec1 Qd6 24. b4 Rc8 25. Bd3 Rc6 26. Rc2
Rac8 27. Rac1 Qb8 28. h3 R8c7 29. Qe1 Qc8 30. Kh1 Kf8 31. Kg1 Kg8 32. Qe3
Kf8 33. Qe1 Kg8 34. Kh2 Kf8 35. g3 Kg8 36. Kg2 Kf8 37. Kh2 Kg8 38. Qe5 Kf8
39. Qe1 Kg8 40. f4 Kf8 41. Kg2 Qd7 42. Re2 Qc8 43. Rec2 Qd7 44. Qe5 Qc8 45.
Qe1 Qd7 46. Kh1 Qc8 47. Kg2 1/2-1/2

[Event "VII TCh-RUS w"]
[Site "Sochi RUS"]
[Date "2006.04.23"]
[Round "4"]
[White "Nikolaeva,A2"]
[Black "Meleshko,Ann"]
[Result "1-0"]
[WhiteElo "2020"]
[BlackElo "2227"]
[EventDate "2006.04.20"]

1. e4 e5 2. Nf3 Nf6 3. Nxe5 d6 4. Nf3 Nxe4 5. d4 d5 6. Bd3 Bd6 7. O-O O-O
8. c4 c6 9. Re1 Bg4 10. h3 Bf5 11. Nc3 Nxc3 12. bxc3 Bxd3 13. Qxd3 dxc4 14.
Qxc4 Nd7 15. Bg5 Qc7 16. Re4 Nb6 17. Qd3 f6 18. Rh4 g6 19. Bd2 Qf7 20. Bf4
Be7 21. Bh6 Rfe8 22. Re4 Bd6 23. h4 Rxe4 24. Qxe4 Re8 25. Qc2 Qe7 26. Kf1
Qe6 27. Qb3 Qc4+ 28. Qxc4+ Nxc4 29. Nd2 Nb2 30. Rb1 Ba3 31. Nf3 b5 32. Nd2
Kf7 33. g3 g5 34. hxg5 Kg6 35. Nf3 fxg5 36. Bxg5 Rf8 37. Bf4 Nd3 38. Ne5+
Nxe5 39. Bxe5 a5 40. Bc7 a4 41. Be5 Rf3 42. d5 Bc5 43. dxc6 Rxf2+ 44. Ke1
Rf5 45. Bf4 Bb6 46. c7 Bxc7 47. Bxc7 Rc5 48. Ba5 Kf5 49. Kf2 Ke4 50. Ke2
Re5 51. Rb4+ Kd5+ 52. Kf3 Kc5 53. Rh4 h5 54. a3 Rf5+ 55. Rf4 Rg5 56. Bb4+
Kc6 57. Rd4 Rf5+ 58. Ke4 Rg5 59. Rd6+ Kb7 60. Rd5 Rxg3 61. Rxb5+ Kc6 62.
Rxh5 Rg4+ 63. Kf3 Rg8 64. Ra5 Rh8 65. Rxa4 Rh3+ 66. Ke4 Kb5 67. Ra5+ Kc4
68. Rc5+ Kb3 69. Kd5 Ka4 70. Kc6 Rh6+ 71. Kb7 Rh7+ 72. Kb6 Rh6+ 73. Rc6 Rh8
74. c4 1-0

[Event "VII TCh-RUS w"]
[Site "Sochi RUS"]
[Date "2006.04.23"]
[Round "4"]
[White "Kovalevskaya,E"]
[Black "Ovod,E"]
[Result "1-0"]
[WhiteElo "2460"]
[BlackElo "2395"]
[EventDate "2006.04.20"]

1. c4 e6 2. g3 d5 3. Bg2 Nf6 4. Nf3 Be7 5. O-O O-O 6. b3 c5 7. Bb2 Nc6 8.
cxd5 Nxd5 9. Nc3 Nxc3 10. Bxc3 Qc7 11. Qc2 e5 12. Rac1 Be6 13. e3 Rac8 14.
Qb2 Bf6 15. Ne1 Nd4 16. Bxd4 exd4 17. e4 d3 18. Qb1 c4 19. Nxd3 Qd7 20. Nf4
cxb3 21. Rxc8 Rxc8 22. axb3 Qxd2 23. Rd1 Qb4 24. Nxe6 fxe6 25. Bh3 Qb6 26.
Qa2 Rd8 27. Rxd8+ Bxd8 28. Qd2 Be7 29. Qd3 a5 30. Bf1 Bc5 31. Qd7 Qxb3 32.
Kg2 Bf8 33. Be2 g6 34. Bg4 Kh8 35. Bxe6 Qb2 36. Bd5 Qg7 37. Qb5 b6 38. Qxb6
a4 39. Qe6 a3 40. f4 Bc5 41. e5 Qf8 42. g4 Qd8 43. Qf6+ Qxf6 44. exf6 Bd6
45. Kf3 g5 46. fxg5 Bxh2 47. Ke4 Bg1 48. Kf5 Bd4 49. g6 hxg6+ 50. Kxg6 Be3
51. g5 Bd2 52. Kf5 Bb4 53. g6 Bf8 54. Kg5 a2 55. Bxa2 Bh6+ 56. Kf5 1-0

[Event "VII TCh-RUS w"]
[Site "Sochi RUS"]
[Date "2006.04.23"]
[Round "4"]
[White "Mkrtchian,L"]
[Black "Dushenok,A"]
[Result "1-0"]
[WhiteElo "2453"]
[BlackElo "2168"]
[EventDate "2006.04.20"]

1. e4 c5 2. Nf3 g6 3. d4 Bg7 4. Nc3 cxd4 5. Nxd4 Nc6 6. Be3 d6 7. Qd2 Nf6
8. f3 Bd7 9. g4 Nxd4 10. Bxd4 Bc6 11. h4 h6 12. O-O-O Qa5 13. Bc4 Kf8 14.
g5 hxg5 15. hxg5 Nh5 16. f4 b5 17. Bb3 b4 18. Nd5 Bxd5 19. Bxd5 Rc8 20. f5
Qc7 21. Bb3 Bxd4 22. Qxd4 Rh7 23. fxg6 fxg6 24. Rhf1+ Ke8 25. Ba4+ 1-0

[Event "VII TCh-RUS w"]
[Site "Sochi RUS"]
[Date "2006.04.23"]
[Round "4"]
[White "Skripchenko,A"]
[Black "Solovjova,V"]
[Result "1/2-1/2"]
[WhiteElo "2423"]
[BlackElo "2265"]
[EventDate "2006.04.20"]

1. e4 c6 2. d4 d5 3. Nd2 dxe4 4. Nxe4 Bf5 5. Ng3 Bg6 6. h4 h6 7. Nf3 Nd7 8.
Bd3 Bxd3 9. Qxd3 Qc7 10. Bd2 Ngf6 11. O-O-O e6 12. Ne4 O-O-O 13. g3 Nxe4
14. Qxe4 Bd6 15. Rhe1 Nf6 16. Qe2 c5 17. c4 cxd4 18. Nxd4 a6 19. Nb3 Qc6
20. Kb1 Bc7 21. Rc1 Rd7 22. Bc3 Rhd8 23. Bxf6 gxf6 24. Qe3 a5 25. Rc2 a4
26. Nc1 h5 27. Qh6 Qf3 28. Qe3 Qf5 29. Qe4 Qc5 30. Ree2 f5 31. Qf3 f4 32.
g4 hxg4 33. Qxg4 Rd1 34. a3 Qd4 35. c5 Qd3 36. Ka2 Qd5+ 37. Kb1 Qd3 38. Ka2
Qd5+ 39. Kb1 Qd3 40. Ka2 1/2-1/2

[Event "VII TCh-RUS w"]
[Site "Sochi RUS"]
[Date "2006.04.23"]
[Round "4"]
[White "Bystryakova,E"]
[Black "Chistiakova,T"]
[Result "1/2-1/2"]
[WhiteElo "2191"]
[BlackElo "2351"]
[EventDate "2006.04.20"]

1. d4 d5 2. c4 dxc4 3. e3 e6 4. Bxc4 a6 5. Nf3 c5 6. O-O Nf6 7. Bb3 Nc6 8.
Nc3 cxd4 9. exd4 Be7 10. Bg5 O-O 11. Qd2 Na5 12. Bc2 b5 13. Qf4 Bb7 14.
Rfd1 Rc8 15. Rac1 Nc4 16. b3 Nb6 17. Bxf6 Bxf6 18. Ne4 Bxe4 19. Qxe4 g6 20.
Qe1 Qd6 21. Be4 Qa3 22. Qd2 Rfd8 23. Rxc8 Nxc8 24. h4 Ne7 25. h5 Nd5 26.
Ne5 Nc3 27. Qxc3 Bxe5 28. Rd3 Bf6 29. Qd2 Rc8 30. g3 Qc1+ 31. Kg2 gxh5 32.
Bb7 Qxd2 33. Rxd2 Rd8 34. Bxa6 b4 35. Be2 Rd5 36. Bf3 Rxd4 37. Rxd4 Bxd4
38. Bxh5 Kg7 39. f4 f6 40. Kf3 Kf8 41. Ke4 Bf2 42. g4 Bh4 43. Kd3 Ke7 44.
Kc4 Be1 45. g5 Bd2 46. g6 hxg6 47. Bxg6 f5 48. Bh5 Kf6 49. Bf3 Bxf4 50.
Kxb4 e5 51. Kc3 e4 52. Bg2 Ke5 53. Kc2 Bg5 54. Kd1 Kf4 55. Ke2 Kg3 56. Kf1
Be7 57. a4 Bb4 58. Bh1 Kh2 59. Bf3 exf3 60. Kf2 Kh3 61. Kxf3 Bd6 62. a5 Kh4
63. a6 Bb8 64. a7 Bxa7 65. Kf4 Bb6 1/2-1/2

[Event "VII TCh-RUS w"]
[Site "Sochi RUS"]
[Date "2006.04.23"]
[Round "4"]
[White "Gromova,I"]
[Black "Ambartsumova,K"]
[Result "1-0"]
[WhiteElo "2195"]
[BlackElo "2176"]
[EventDate "2006.04.20"]

1. d4 Nf6 2. c4 c5 3. d5 e6 4. Nc3 exd5 5. cxd5 d6 6. e4 g6 7. Nf3 Bg7 8.
h3 O-O 9. Bd3 a6 10. a4 Nbd7 11. Bf4 Qc7 12. O-O Re8 13. Re1 Nh5 14. Bh2
Rb8 15. Bc4 Bf6 16. Qd2 Ne5 17. Be2 Nxf3+ 18. Bxf3 Ng7 19. e5 Bxe5 20. Bxe5
Rxe5 21. Rxe5 dxe5 22. d6 Qd8 23. Ne4 Bf5 24. Nxc5 Qb6 25. Rc1 Ne8 26. g4
Be6 27. d7 Nd6 28. a5 Qc7 29. Nxa6 Nc4 30. Nxc7 Nxd2 31. Nxe6 Nxf3+ 32. Kh1
1-0

[Event "VII TCh-RUS w"]
[Site "Sochi RUS"]
[Date "2006.04.24"]
[Round "5"]
[White "Kirillova,V"]
[Black "Bannikova,A"]
[Result "0-1"]
[WhiteElo "2225"]
[BlackElo "2157"]
[EventDate "2006.04.20"]

1. e4 c5 2. Nf3 Nc6 3. d4 cxd4 4. Nxd4 Nf6 5. Nc3 e5 6. Ndb5 d6 7. Bg5 a6
8. Na3 b5 9. Nd5 Qa5+ 10. Bd2 Qd8 11. Bd3 Nxd5 12. exd5 Ne7 13. c4 g6 14.
cxb5 Bg7 15. Bb4 a5 16. Bc3 O-O 17. Bc4 f5 18. O-O f4 19. Be2 Nf5 20. Nc4
Qg5 21. Bf3 Qe7 22. Be4 g5 23. Nb6 Rb8 24. Nxc8 Rbxc8 25. Qd3 Qd7 26. a4 g4
27. Rac1 f3 28. Bxf5 Rxf5 29. Bxa5 fxg2 30. Kxg2 Rf3 31. Rxc8+ Qxc8 32. Qd2
Qf5 33. Bd8 Rh3 34. Qg5 Qf3+ 35. Kg1 h6 36. Qd2 e4 37. Qe3 Qf5 38. Qd2 Be5
39. f4 gxf3 40. Rf2 e3 41. Qxe3 Qb1+ 42. Rf1 Qg6+ 43. Bg5 Bd4 44. Qxd4
Qxg5+ 45. Kf2 Qg2+ 46. Ke3 Qe2+ 0-1

[Event "VII TCh-RUS w"]
[Site "Sochi RUS"]
[Date "2006.04.24"]
[Round "5"]
[White "Korbut,E"]
[Black "Komiagina,M"]
[Result "1/2-1/2"]
[WhiteElo "2442"]
[BlackElo "2341"]
[EventDate "2006.04.20"]

1. e4 c5 2. Nf3 d6 3. d4 cxd4 4. Nxd4 Nf6 5. Nc3 a6 6. f4 Qc7 7. Bd3 g6 8.
h3 Bg7 9. Be3 b5 10. a3 Bb7 11. O-O Nbd7 12. Nb3 O-O 13. Qe1 d5 14. e5 Ne4
15. Bxe4 dxe4 16. Qf2 Rfe8 17. Rad1 f5 18. Rd2 e6 19. Rfd1 Rad8 20. Nc5
Nxc5 21. Bxc5 Rxd2 22. Rxd2 Rd8 23. Bd6 Qc6 24. Nd1 Bf8 25. Bxf8 Rxd2 26.
Qxd2 Qb6+ 27. Qf2 Qxf2+ 28. Kxf2 Kxf8 29. Ke3 Ke7 30. Kd4 Kd7 31. Kc5 Kc7
32. g3 Bc6 33. Ne3 Bd7 34. b3 Bc6 35. Kd4 Kb6 36. h4 Be8 37. c4 a5 38. b4
axb4 39. axb4 Bd7 40. g4 h5 41. gxf5 gxf5 42. c5+ Kc6 43. Nd1 Be8 44. Nf2
Bg6 45. Nh3 Bf7 46. Ng5 Bg8 47. Ke3 Kc7 48. Kd4 Kc6 49. Kc3 Kd5 50. Kd2 Kc6
51. Kc2 Kc7 52. Nh3 Bf7 53. Ng1 Be8 54. Ne2 Kc6 55. Nc3 Bf7 56. Kd2 Be8 57.
Ke3 Bf7 58. Kd4 Be8 59. Ne2 Bf7 60. Nc1 Be8 61. Nb3 Bd7 62. Na5+ Kc7 63.
Ke3 Be8 64. Ke2 Bd7 65. Kd2 Be8 66. Ke3 Bd7 1/2-1/2

[Event "VII TCh-RUS w"]
[Site "Sochi RUS"]
[Date "2006.04.24"]
[Round "5"]
[White "Solovjova,V"]
[Black "Bronnikova,E"]
[Result "1/2-1/2"]
[WhiteElo "2265"]
[BlackElo "2271"]
[EventDate "2006.04.20"]

1. e4 c5 2. Nf3 d6 3. d4 cxd4 4. Nxd4 Nf6 5. Nc3 Nc6 6. Be2 e5 7. Nb3 Be7
8. Be3 Be6 9. O-O O-O 10. h3 a5 11. Nd2 Rc8 12. Nc4 b5 13. Bb6 Qd7 14. Nxa5
b4 15. Nd5 Bxd5 16. exd5 Nxa5 17. Bxa5 Qa4 18. Bb6 Qxc2 19. Ba6 Qxd1 20.
Rfxd1 Rc2 21. a4 Rb8 22. a5 Nd7 23. Bd3 Rxb2 24. Rdc1 Nxb6 25. axb6 Bf8 26.
b7 Rxb7 27. Rc8 g6 28. Raa8 Kg7 29. Rxf8 Rd2 30. Rg8+ Kh6 31. Bc4 Rd4 32.
Bb3 Rd3 33. Bc4 Rd4 34. Ba6 b3 35. Rgb8 Rdb4 36. Rxb7 Rxb7 37. Bd3 b2 38.
Ra6 b1=Q+ 39. Bxb1 Rxb1+ 40. Kh2 Rd1 41. Rxd6 Kg7 1/2-1/2

[Event "VII TCh-RUS w"]
[Site "Sochi RUS"]
[Date "2006.04.24"]
[Round "5"]
[White "Severiukhina,Z"]
[Black "Bystryakova,E"]
[Result "1-0"]
[WhiteElo "2189"]
[BlackElo "2191"]
[EventDate "2006.04.20"]

1. e4 c6 2. d4 d5 3. e5 c5 4. dxc5 e6 5. a3 Bxc5 6. b4 Bb6 7. Nf3 a5 8. Bb2
axb4 9. axb4 Rxa1 10. Bxa1 Nc6 11. b5 Na5 12. Nc3 Ne7 13. Bd3 Ng6 14. Na4
Bc7 15. Qd2 O-O 16. h4 Nc4 17. Bxc4 dxc4 18. Qxd8 Rxd8 19. b6 Bb8 20. h5
Nf4 21. g3 Bd7 22. gxf4 Bxa4 23. Nd4 Rd5 24. Rh3 Ra5 25. Ra3 Ra6 26. Kd2
Bd7 27. Rxa6 bxa6 28. Kc3 f6 29. Kxc4 fxe5 30. fxe5 Bxe5 31. Kc5 Kf7 32.
Nc6 Bxa1 33. b7 Bxc6 34. b8=Q Be4 35. Qa7+ Kf6 36. Qxa6 Be5 37. Qe2 Bf5 38.
c4 g6 39. hxg6 Bxg6 40. Kb6 h5 41. c5 Bd4 42. Kb5 Ke7 43. Qd2 Be8+ 44. Kb6
e5 45. Qg5+ Ke6 46. f3 Bf2 47. Qh6+ Ke7 48. Qd6+ Kf7 49. Qxe5 h4 50. Kb7
Bg3 51. Qf5+ Kg7 52. c6 Bg6 53. Qd7+ Kf6 54. c7 Bf5 55. Qd4+ Kg5 56. c8=Q
Bxc8+ 57. Kxc8 Bf4 58. Qg7+ 1-0

[Event "VII TCh-RUS w"]
[Site "Sochi RUS"]
[Date "2006.04.24"]
[Round "5"]
[White "Deriabina,S"]
[Black "Gromova,I"]
[Result "1/2-1/2"]
[WhiteElo "2101"]
[BlackElo "2195"]
[EventDate "2006.04.20"]

1. d4 Nf6 2. c4 g6 3. Nc3 Bg7 4. e4 d6 5. f3 O-O 6. Be3 c5 7. d5 e6 8. Qd2
exd5 9. cxd5 Na6 10. Nge2 Nc7 11. Ng3 a6 12. a4 Rb8 13. Be2 b5 14. axb5
Nxb5 15. Nxb5 axb5 16. O-O Ne8 17. Kh1 h5 18. Bd3 c4 19. Bb1 Qf6 20. Rf2 b4
21. Qc2 c3 22. Ne2 cxb2 23. Ra7 Qd8 24. Bd4 Bd7 25. Qxb2 h4 26. f4 Bb5 27.
Bxg7 Nxg7 28. Nd4 Qb6 29. Re7 Qd8 30. Ra7 Qb6 31. Re7 Qd8 1/2-1/2